Manchester City League Players Since 2014 - Statistics

General Stats
  • This quiz has been taken 230 times
    175 since last reset
  • The average score is 202 of 243
Answer Stats
% Correct
2023/24 (Premier League - 1st) Spain DM 27 Rodri 34 8
98%
2022/23 (Premier League - 1st) Spain DM 26 Rodri 36 2
98%
2021/22 (Premier League - 1st) Spain DM 25 Rodri 33 7
98%
2020/21 (Premier League - 1st) Spain DM 24 Rodri 34 2
98%
2019/20 (Premier League - 2nd) Spain DM 23 Rodri 35 3
98%
2020/21 (Premier League - 1st) Argentina ST 32 Sergio Aguero 12 4
98%
2019/20 (Premier League - 2nd) Argentina ST 31 Sergio Aguero 24 16
98%
2018/19 (Premier League - 1st) Argentina ST 30 Sergio Aguero 33 21
98%
2017/18 (Premier League - 1st) Argentina ST 29 Sergio Aguero 25 21
98%
2016/17 (Premier League - 3rd) Argentina ST 28 Sergio Aguero 31 20
98%
2015/16 (Premier League - 4th) Argentina ST 27 Sergio Aguero 30 24
98%
2014/15 (Premier League - 2nd) Argentina ST 26 Sergio Aguero 33 26
98%
2023/24 (Premier League - 1st) Portugal AM 29 Bernardo Silva 33 6
97%
2022/23 (Premier League - 1st) Portugal AM 27 Bernardo Silva 34 4
97%
2021/22 (Premier League - 1st) Portugal AM 26 Bernardo Silva 35 8
97%
2020/21 (Premier League - 1st) Portugal AM 25 Bernardo Silva 26 2
97%
2019/20 (Premier League - 2nd) Portugal AM 24 Bernardo Silva 34 6
97%
2018/19 (Premier League - 1st) Portugal AM 23 Bernardo Silva 36 7
97%
2017/18 (Premier League - 1st) Portugal AM 22 Bernardo Silva 35 6
97%
2019/20 (Premier League - 2nd) Spain AM 33 David Silva 27 6
97%
2018/19 (Premier League - 1st) Spain AM 32 David Silva 33 6
97%
2017/18 (Premier League - 1st) Spain AM 31 David Silva 29 9
97%
2016/17 (Premier League - 3rd) Spain AM 30 David Silva 34 4
97%
2015/16 (Premier League - 4th) Spain AM 29 David Silva 24 2
97%
2014/15 (Premier League - 2nd) Spain AM 28 David Silva 32 12
97%
2023/24 (Premier League - 1st) Brazil GK 30 Ederson 33
97%
2022/23 (Premier League - 1st) Brazil GK 28 Ederson 35
97%
2021/22 (Premier League - 1st) Brazil GK 27 Ederson 37
97%
2020/21 (Premier League - 1st) Brazil GK 26 Ederson 36
97%
2019/20 (Premier League - 2nd) Brazil GK 25 Ederson 35
97%
2018/19 (Premier League - 1st) Brazil GK 24 Ederson 38
97%
2017/18 (Premier League - 1st) Brazil GK 23 Ederson 36
97%
2023/24 (Premier League - 1st) Norway ST 23 Erling Haaland 31 27
97%
2022/23 (Premier League - 1st) Norway ST 21 Erling Haaland 35 36
97%
2023/24 (Premier League - 1st) Belgium AM 32 Kevin De Bruyne 18 4
97%
2022/23 (Premier League - 1st) Belgium AM 31 Kevin De Bruyne 32 7
97%
2021/22 (Premier League - 1st) Belgium AM 30 Kevin De Bruyne 30 15
97%
2020/21 (Premier League - 1st) Belgium AM 29 Kevin De Bruyne 25 6
97%
2019/20 (Premier League - 2nd) Belgium AM 28 Kevin De Bruyne 35 13
97%
2018/19 (Premier League - 1st) Belgium AM 27 Kevin De Bruyne 19 2
97%
2017/18 (Premier League - 1st) Belgium AM 26 Kevin De Bruyne 37 8
97%
2016/17 (Premier League - 3rd) Belgium AM 25 Kevin De Bruyne 36 6
97%
2015/16 (Premier League - 4th) Belgium AM 24 Kevin De Bruyne 25 7
97%
2023/24 (Premier League - 1st) Netherlands CB 29 Nathan Ake 29 2
97%
2022/23 (Premier League - 1st) Netherlands CB 27 Nathan Ake 26 1
97%
2021/22 (Premier League - 1st) Netherlands CB 26 Nathan Ake 14 2
97%
2020/21 (Premier League - 1st) Netherlands CB 25 Nathan Ake 10 1
97%
2023/24 (Premier League - 1st) England RW 24 Phil Foden 35 19
97%
2022/23 (Premier League - 1st) England RW 22 Phil Foden 32 11
97%
2021/22 (Premier League - 1st) England RW 21 Phil Foden 28 9
97%
2020/21 (Premier League - 1st) England RW 20 Phil Foden 28 9
97%
2019/20 (Premier League - 2nd) England RW 19 Phil Foden 23 5
97%
2018/19 (Premier League - 1st) England RW 18 Phil Foden 13 1
97%
2017/18 (Premier League - 1st) England RW 17 Phil Foden 5
97%
2022/23 (Premier League - 1st) Germany CM 31 Ilkay Gundogan 31 8
96%
2021/22 (Premier League - 1st) Germany CM 30 Ilkay Gundogan 27 8
96%
2020/21 (Premier League - 1st) Germany CM 29 Ilkay Gundogan 28 13
96%
2019/20 (Premier League - 2nd) Germany CM 28 Ilkay Gundogan 31 2
96%
2018/19 (Premier League - 1st) Germany CM 27 Ilkay Gundogan 31 6
96%
2017/18 (Premier League - 1st) Germany CM 26 Ilkay Gundogan 30 4
96%
2016/17 (Premier League - 3rd) Germany CM 25 Ilkay Gundogan 10 3
96%
2023/24 (Premier League - 1st) England LW 28 Jack Grealish 20 3
96%
2022/23 (Premier League - 1st) England LW 26 Jack Grealish 28 5
96%
2021/22 (Premier League - 1st) England LW 25 Jack Grealish 26 3
96%
2022/23 (Premier League - 1st) Portugal RB 28 Joao Cancelo 17 2
96%
2021/22 (Premier League - 1st) Portugal RB 27 Joao Cancelo 36 1
96%
2020/21 (Premier League - 1st) Portugal RB 26 Joao Cancelo 28 2
96%
2019/20 (Premier League - 2nd) Portugal RB 25 Joao Cancelo 17
96%
2023/24 (Premier League - 1st) England CB 30 John Stones 16 1
96%
2022/23 (Premier League - 1st) England CB 28 John Stones 23 2
96%
2021/22 (Premier League - 1st) England CB 27 John Stones 14 1
96%
2020/21 (Premier League - 1st) England CB 26 John Stones 22 4
96%
2019/20 (Premier League - 2nd) England CB 25 John Stones 16
96%
2018/19 (Premier League - 1st) England CB 24 John Stones 24
96%
2017/18 (Premier League - 1st) England CB 23 John Stones 18
96%
2016/17 (Premier League - 3rd) England CB 22 John Stones 27
96%
2023/24 (Premier League - 1st) England RB 34 Kyle Walker 32
96%
2022/23 (Premier League - 1st) England RB 32 Kyle Walker 27
96%
2021/22 (Premier League - 1st) England RB 31 Kyle Walker 20
96%
2020/21 (Premier League - 1st) England RB 30 Kyle Walker 24 1
96%
2019/20 (Premier League - 2nd) England RB 29 Kyle Walker 29 1
96%
2018/19 (Premier League - 1st) England RB 28 Kyle Walker 33 1
96%
2017/18 (Premier League - 1st) England RB 27 Kyle Walker 32
96%
2023/24 (Premier League - 1st) Switzerland CB 28 Manuel Akanji 30 2
96%
2022/23 (Premier League - 1st) Switzerland CB 26 Manuel Akanji 29
96%
2022/23 (Premier League - 1st) Algeria RW 31 Riyad Mahrez 30 5
96%
2021/22 (Premier League - 1st) Algeria RW 30 Riyad Mahrez 28 11
96%
2020/21 (Premier League - 1st) Algeria RW 29 Riyad Mahrez 27 9
96%
2019/20 (Premier League - 2nd) Algeria RW 28 Riyad Mahrez 33 11
96%
2018/19 (Premier League - 1st) Algeria RW 27 Riyad Mahrez 27 7
96%
2023/24 (Premier League - 1st) Portugal CB 27 Ruben Dias 30
96%
2022/23 (Premier League - 1st) Portugal CB 25 Ruben Dias 26
96%
2021/22 (Premier League - 1st) Portugal CB 24 Ruben Dias 29 2
96%
2020/21 (Premier League - 1st) Portugal CB 23 Ruben Dias 32 1
96%
2021/22 (Premier League - 1st) Brazil ST 24 Gabriel Jesus 28 8
95%
2020/21 (Premier League - 1st) Brazil ST 23 Gabriel Jesus 29 9
95%
2019/20 (Premier League - 2nd) Brazil ST 22 Gabriel Jesus 34 14
95%
2018/19 (Premier League - 1st) Brazil ST 21 Gabriel Jesus 29 7
95%
2017/18 (Premier League - 1st) Brazil ST 20 Gabriel Jesus 29 13
95%
2016/17 (Premier League - 3rd) Brazil ST 19 Gabriel Jesus 10 7
95%
2023/24 (Premier League - 1st) Croatia LB 22 Josko Gvardiol 28 4
95%
2023/24 (Premier League - 1st) Croatia CM 30 Mateo Kovacic 30 1
95%
2023/24 (Premier League - 1st) Argentina ST 24 Julian Alvarez 36 11
94%
2022/23 (Premier League - 1st) Argentina SS 22 Julian Alvarez 31 9
94%
2021/22 (Premier League - 1st) England LW 26 Raheem Sterling 30 13
94%
2020/21 (Premier League - 1st) England LW 25 Raheem Sterling 31 10
94%
2019/20 (Premier League - 2nd) England LW 24 Raheem Sterling 33 20
94%
2018/19 (Premier League - 1st) England LW 23 Raheem Sterling 34 17
94%
2017/18 (Premier League - 1st) England LW 22 Raheem Sterling 33 18
94%
2016/17 (Premier League - 3rd) England LW 21 Raheem Sterling 33 7
94%
2015/16 (Premier League - 4th) England LW 20 Raheem Sterling 31 6
94%
2023/24 (Premier League - 1st) Belgium LW 22 Jeremy Doku 29 3
93%
2023/24 (Premier League - 1st) Spain CB 30 Aymeric Laporte 1
92%
2022/23 (Premier League - 1st) Spain CB 28 Aymeric Laporte 12
92%
2021/22 (Premier League - 1st) Spain CB 27 Aymeric Laporte 33 4
92%
2020/21 (Premier League - 1st) Spain CB 26 Aymeric Laporte 16
92%
2019/20 (Premier League - 2nd) Spain CB 25 Aymeric Laporte 15 1
92%
2018/19 (Premier League - 1st) Spain CB 24 Aymeric Laporte 35 3
92%
2017/18 (Premier League - 1st) Spain CB 23 Aymeric Laporte 9
92%
2021/22 (Premier League - 1st) Brazil DM 36 Fernandinho 19 2
92%
2020/21 (Premier League - 1st) Brazil DM 35 Fernandinho 21
92%
2019/20 (Premier League - 2nd) Brazil DM 34 Fernandinho 30
92%
2018/19 (Premier League - 1st) Brazil DM 33 Fernandinho 29 1
92%
2017/18 (Premier League - 1st) Brazil DM 32 Fernandinho 34 5
92%
2016/17 (Premier League - 3rd) Brazil DM 31 Fernandinho 32 2
92%
2015/16 (Premier League - 4th) Brazil DM 30 Fernandinho 33 2
92%
2014/15 (Premier League - 2nd) Brazil DM 29 Fernandinho 33 3
92%
2018/19 (Premier League - 1st) Belgium CB 32 Vincent Kompany 17 1
92%
2017/18 (Premier League - 1st) Belgium CB 31 Vincent Kompany 17 1
92%
2016/17 (Premier League - 3rd) Belgium CB 30 Vincent Kompany 11 3
92%
2015/16 (Premier League - 4th) Belgium CB 29 Vincent Kompany 14 2
92%
2014/15 (Premier League - 2nd) Belgium CB 28 Vincent Kompany 25
92%
2019/20 (Premier League - 2nd) Germany RW 23 Leroy Sane 1
91%
2018/19 (Premier League - 1st) Germany RW 22 Leroy Sane 31 10
91%
2017/18 (Premier League - 1st) Germany RW 21 Leroy Sane 32 10
91%
2016/17 (Premier League - 3rd) Germany RW 20 Leroy Sane 26 5
91%
2019/20 (Premier League - 2nd) Argentina CB 31 Nicolas Otamendi 24 2
91%
2018/19 (Premier League - 1st) Argentina CB 30 Nicolas Otamendi 18
91%
2017/18 (Premier League - 1st) Argentina CB 29 Nicolas Otamendi 34 4
91%
2016/17 (Premier League - 3rd) Argentina CB 28 Nicolas Otamendi 30 1
91%
2015/16 (Premier League - 4th) Argentina CB 27 Nicolas Otamendi 30 1
91%
2021/22 (Premier League - 1st) Ukraine LB 24 Oleksandr Zinchenko 15
91%
2020/21 (Premier League - 1st) Ukraine LB 23 Oleksandr Zinchenko 20
91%
2019/20 (Premier League - 2nd) Ukraine LB 22 Oleksandr Zinchenko 19
91%
2018/19 (Premier League - 1st) Ukraine LB 21 Oleksandr Zinchenko 14
91%
2017/18 (Premier League - 1st) Ukraine LB 20 Oleksandr Zinchenko 8
91%
2015/16 (Premier League - 4th) England GK 28 Joe Hart 35
88%
2014/15 (Premier League - 2nd) England GK 27 Joe Hart 36
88%
2021/22 (Premier League - 1st) France LB 26 Benjamin Mendy 1
86%
2020/21 (Premier League - 1st) France LB 25 Benjamin Mendy 13 2
86%
2019/20 (Premier League - 2nd) France LB 24 Benjamin Mendy 19
86%
2018/19 (Premier League - 1st) France LB 23 Benjamin Mendy 10
86%
2017/18 (Premier League - 1st) France LB 22 Benjamin Mendy 7
86%
2019/20 (Premier League - 2nd) Chile GK 36 Claudio Bravo 4
86%
2017/18 (Premier League - 1st) Chile GK 34 Claudio Bravo 3
86%
2016/17 (Premier League - 3rd) Chile GK 33 Claudio Bravo 22
86%
2023/24 (Premier League - 1st) Germany GK 31 Stefan Ortega 9
85%
2022/23 (Premier League - 1st) Germany GK 29 Stefan Ortega 3
85%
2017/18 (Premier League - 1st) Ivory Coast CM 34 Yaya Toure 10
85%
2016/17 (Premier League - 3rd) Ivory Coast CM 33 Yaya Toure 25 5
85%
2015/16 (Premier League - 4th) Ivory Coast CM 32 Yaya Toure 32 6
85%
2014/15 (Premier League - 2nd) Ivory Coast CM 31 Yaya Toure 29 10
85%
2023/24 (Premier League - 1st) England RB 19 Rico Lewis 16 2
84%
2022/23 (Premier League - 1st) England RB 17 Rico Lewis 14
84%
2023/24 (Premier League - 1st) Portugal CM 25 Matheus Nunes 17
83%
2014/15 (Premier League - 2nd) Bosnia ST 28 Edin Dzeko 22 4
82%
2023/24 (Premier League - 1st) England DM 28 Kalvin Phillips 4
82%
2022/23 (Premier League - 1st) England DM 26 Kalvin Phillips 12
82%
2016/17 (Premier League - 3rd) Argentina RB 31 Pablo Zabaleta 20 1
81%
2015/16 (Premier League - 4th) Argentina RB 30 Pablo Zabaleta 13
81%
2014/15 (Premier League - 2nd) Argentina RB 29 Pablo Zabaleta 29 1
81%
2014/15 (Premier League - 2nd) England CM 28 James Milner 32 5
78%
2023/24 (Premier League - 1st) Norway RW 20 Oscar Bobb 14 1
78%
2016/17 (Premier League - 3rd) Serbia LB 30 Aleksandar Kolarov 29 1
77%
2015/16 (Premier League - 4th) Serbia LB 29 Aleksandar Kolarov 29 3
77%
2014/15 (Premier League - 2nd) Serbia LB 28 Aleksandar Kolarov 21 2
77%
2016/17 (Premier League - 3rd) Spain RB 30 Jesus Navas 24
77%
2015/16 (Premier League - 4th) Spain RB 29 Jesus Navas 34
77%
2014/15 (Premier League - 2nd) Spain RB 28 Jesus Navas 35
77%
2016/17 (Premier League - 3rd) France AM 29 Samir Nasri 1
76%
2015/16 (Premier League - 4th) France AM 28 Samir Nasri 12 2
76%
2014/15 (Premier League - 2nd) France AM 27 Samir Nasri 24 2
76%
2023/24 (Premier League - 1st) England AM 22 Cole Palmer 1
75%
2022/23 (Premier League - 1st) England AM 20 Cole Palmer 14
75%
2021/22 (Premier League - 1st) England AM 19 Cole Palmer 4
75%
2016/17 (Premier League - 3rd) Brazil DM 28 Fernando 15
75%
2015/16 (Premier League - 4th) Brazil DM 27 Fernando 24 2
75%
2014/15 (Premier League - 2nd) Brazil DM 26 Fernando 25 2
75%
2016/17 (Premier League - 3rd) France LB 30 Gael Clichy 25 1
73%
2015/16 (Premier League - 4th) France LB 29 Gael Clichy 14
73%
2014/15 (Premier League - 2nd) France LB 28 Gael Clichy 23 1
73%
2021/22 (Premier League - 1st) Spain LW 21 Ferran Torres 4 2
70%
2020/21 (Premier League - 1st) Spain LW 20 Ferran Torres 24 7
70%
2016/17 (Premier League - 3rd) Nigeria ST 19 Kelechi Iheanacho 20 4
70%
2015/16 (Premier League - 4th) Nigeria ST 18 Kelechi Iheanacho 26 8
70%
2016/17 (Premier League - 3rd) Argentina GK 34 Willy Caballero 17
70%
2015/16 (Premier League - 4th) Argentina GK 33 Willy Caballero 4
70%
2014/15 (Premier League - 2nd) Argentina GK 32 Willy Caballero 2
70%
2016/17 (Premier League - 3rd) France RB 33 Bacary Sagna 17
69%
2015/16 (Premier League - 4th) France RB 32 Bacary Sagna 28
69%
2014/15 (Premier League - 2nd) France RB 31 Bacary Sagna 9
69%
2014/15 (Premier League - 2nd) Montenegro ST 24 Stevan Jovetic 17 5
67%
2017/18 (Premier League - 1st) France CB 26 Eliaquim Mangala 9
66%
2015/16 (Premier League - 4th) France CB 24 Eliaquim Mangala 23
66%
2014/15 (Premier League - 2nd) France CB 23 Eliaquim Mangala 25
66%
2020/21 (Premier League - 1st) England GK 34 Scott Carson 1
65%
2015/16 (Premier League - 4th) Ivory Coast ST 26 Wilfried Bony 26 4
65%
2014/15 (Premier League - 2nd) Ivory Coast ST 25 Wilfried Bony 10 2
65%
2015/16 (Premier League - 4th) Argentina CB 34 Martin Demichelis 20
63%
2014/15 (Premier League - 2nd) Argentina CB 33 Martin Demichelis 31 1
63%
2014/15 (Premier League - 2nd) England CM 36 Frank Lampard 32 6
61%
2023/24 (Premier League - 1st) Spain LB 23 Sergio Gomez 6
61%
2022/23 (Premier League - 1st) Spain LB 21 Sergio Gomez 12
61%
2021/22 (Premier League - 1st) United States GK 26 Zack Steffen 1
61%
2020/21 (Premier League - 1st) United States GK 25 Zack Steffen 1
61%
2016/17 (Premier League - 3rd) Spain CM 19 Aleix Garcia 4
60%
2020/21 (Premier League - 1st) Spain CB 19 Eric Garcia 6
60%
2019/20 (Premier League - 2nd) Spain CB 18 Eric Garcia 13
60%
2015/16 (Premier League - 4th) Spain AM 17 Manu Garcia 1
59%
2018/19 (Premier League - 1st) England CM 28 Fabian Delph 11
57%
2017/18 (Premier League - 1st) England CM 27 Fabian Delph 22 1
57%
2016/17 (Premier League - 3rd) England CM 26 Fabian Delph 7 1
57%
2015/16 (Premier League - 4th) England CM 25 Fabian Delph 17 2
57%
2017/18 (Premier League - 1st) Morocco AM 17 Brahim Diaz 5
53%
2016/17 (Premier League - 3rd) Spain LW 29 Nolito 19 4
53%
2023/24 (Premier League - 1st) England CM 21 James McAtee 1
45%
2021/22 (Premier League - 1st) England CM 18 James McAtee 2
45%
2018/19 (Premier League - 1st) Brazil CB 26 Danilo 11 1
41%
2017/18 (Premier League - 1st) Brazil CB 25 Danilo 23 3
41%
2019/20 (Premier League - 2nd) Spain LB 22 Angelino 6
38%
2021/22 (Premier League - 1st) England ST 18 Liam Delap 1
32%
2020/21 (Premier League - 1st) England ST 17 Liam Delap 1
32%
2014/15 (Premier League - 2nd) Belgium CB 23 Dedryck Boyata 2
31%
2022/23 (Premier League - 1st) Argentina DM 19 Maximo Perrone 1
23%
2017/18 (Premier League - 1st) Germany ST 18 Lukas Nmecha 2
22%
2015/16 (Premier League - 4th) Kosovo AM 18 Bersant Celina 1
19%
2021/22 (Premier League - 1st) Brazil RW 18 Kayky 1
17%
2014/15 (Premier League - 2nd) England LW 25 Scott Sinclair 2
11%
2022/23 (Premier League - 1st) Northern Ireland DM 18 Shea Charles 1
11%
2021/22 (Premier League - 1st) England CB 18 CJ Egan-Riley 1
10%
2019/20 (Premier League - 2nd) England CM 17 Tommy Doyle 1
10%
2014/15 (Premier League - 2nd) Spain AM 18 Jose Pozo 3
7%
2015/16 (Premier League - 4th) England RW 18 Patrick Roberts 1
5%
No matching quizzes found
Score Distribution
Percent of People with Each Score
Percentile by Number Answered
Your Score History
You have not taken this quiz since the last reset